000 00927nas a2200289 4500
001 BR0601404
003 BR-BrBNA
005 20231205105922.0
007 ta
008 230509b bl.|||p| |||| 00| 00por d
040 _aBR-BrBNA
_bpor
_cBiblioteca Nacional de Agricultura
041 _a(Pt)
072 _aF30; F03
100 1 _aYanaka, F.Y.
100 1 _aDall'Agnol, M.
100 1 _aSchifino-Wittmann, M.T.
100 1 _aDias, P.M.B.
100 1 _aGomes, K.E.
245 1 _aVariabilidade genética em populações naturais de Bromus auleticus Trin. ex Nees (Poaceae)com base em isoenzimas e marcadores RAPD
650 _aCEVADILHA
650 _aVARIAÇÃO GENÉTICA
650 _aSEMENTE
650 _aGERMINAÇÃO
773 0 _tRevista Brasileira de Zootecnia (Brazil)
_xISSN 1516-3598
_g(Nov-Dec 2005), v. 34(6) p. 1897-1904
_wBR0601404
909 _a202311
_bLúcia
_c55
_dLúcia Elande
942 _2AGRIS
_n0
_cANA
999 _c185357
_d185357